MDQL
is popping MORE tags! Check the
thread
!
Quizzes
Events
Quiz Creation
Community
Videos
Private Events
Remove Ads
Sign In
Join for FREE
Feedback
Dark Mode
Quiz Categories
Sports
Geography
Music
Movies
Television
Just For Fun
Miscellaneous
History
Literature
Language
Science
Gaming
Entertainment
Religion
Holiday
For Kids
Quiz Lab
Recent
Popular Today
Quiz Kudos Today
Editor Picks
Curator Picks
Quizzes by...
Day
Popularity
Type
Ratings
Length
Year
Community
Subscriptions
Recent Discussions
Orange Saloon
Badges
Playlists
Quests
Create
Leaderboards
Showdown
Live 5
Trivia Bingo
Activity
Puzzle Library
Sporcle Events
Private Events
Virtual Trivia
Globe League
Become a Host
Pub Owners
SporcleCon
Opinionation
Our Games
Videos
Blog
Mobile Apps
Partnerships
Remove Ads and Go Orange
Feedback
Television
TV Characters
TV Show
Sitcom
Network
Friends
Reality Shows
Cast
South Park
Star Trek
The Simpsons
Doctor Who
Television
TV Characters
TV Show
Sitcom
Network
Friends
Reality Shows
Cast
South Park
Star Trek
The Simpsons
Doctor Who
Random Quiz
Search Sporcle
×
Quiz Lab
Quiz Lab
Television
US Presidents
Type in answers that appear in a list
Type in answers that appear in a list
Classic
Best Score? Go Orange.
Presidents on 24 Stats
Can you name the Presidents on 24?
By
housefrk
4m
7 Questions
82 Plays
82 Plays
82 Plays
Comments
Comments
Give Quiz Kudos
Give Quiz Kudos
-
- Ratings
hide this ad
Replay
Link that replays current quiz
Next Quiz
Link to next quiz in quiz playlist
You Got
0%
They Got
Avg Score
59%
Avg Friend Score
Upgrade to see
Score Distribution
Jump to the score distribution portion of the page
Score
0/7
Timer
04:00
0
Plays Today
Season(s)
President
% Correct
2-
3
David Palmer
92.7%
4-
5
Charles Logan
79.3%
6
Wayne Palmer
78%
7-
8
Allison Taylor
73.2%
6
Noah Daniels
47.6%
4
John Keeler
36.6%
between seasons 5 and 6
Hal Gordon
6.1%
Quiz Playlist
Details
Report
Send in Message
Add To Playlist
Classic:
Type in answers that appear in a list
Last Updated: Feb 16, 2017
Quiz Scoreboard
CHALLENGE
Sign Up to Join the Scoreboard
Show All
Scores
Hide
Comments
May contain spoilers
Recently Published
Street Fighter Characters
by Artimus82
Gaming
60s
9x9 Crossword: Cartoon Network
by jackfrog10
Miscellaneous
3m
College Basketball Coaching Resumes
by pancakes188
Sports
9m
More to Explore
Quiz From the Vault
Featured Blog Post
Where Did the Easter Bunny Come From?
hide this ad
You Might Also Like...
Tags
US Presidents Quiz
season
Today's Top Quizzes in Television
Browse Television
hide this ad
Today's Top Quizzes in US Presidents
Browse US Presidents
Top Contributed Quizzes in Television
1
5-to-1: The Simpsons Families
2
5-to-1: Television Doctors
3
Adjectives in 80s TV Shows
4
Adjectives in 00s TV Shows
5
7-to-1: TV Show Settings
6
Adjectives in 10s TV Shows
7
Survivor Journey Challenge
8
5-to-1: Streaming Originals
9
Survivor Seasons
10
One Piece Logic Puzzle
Explore More
Trending Topics
Kpop
Crossword
Harry Potter
Disney
NBA
Anime
Marvel
The Office
Song
WWE
NFL
Puzzle
Pokémon
Country
Soccer
hide this ad
More By:
housefrk
Quiz
Plays
Rating
Category
Featured
Created
ATLA/LoK Logic Game
21,620
2.29
Television
Jul 20, 2015
MCU in Chronological Order
1,544
2.25
Movies
Mar 12, 2019
10 Longest Bones in the Human Body
1,019
2.60
Science
May 24, 2010
The Original Broadway Cast of Wicked
618
2.67
Entertainment
May 9, 2010
European Country by Jewish Population, 1933
516
2.43
History
Oct 31, 2013
Go to Creator's Profile
Score Distribution
Quiz Creator Spotlight
housefrk
Follow
Send a Message
Quizzes Created
-
Created Quiz Play Count
-
More By This Creator
Popular Quizzes Today
1
Find the US States - No Outlines Minefield
2
Find the Countries of Europe - No Outlines Minefield
3
The Countries of the World
4
Find the US States
5
Risky Map Clicking: Biggest States A-Z
6
US States
7
Popular People in 1961
8
Movies - When Are They Set?
More Television Quizzes
A-Team Intro Finish the Line
Published
Trending Quizzes
Risky Map Clicking: Least Populous States A-Z
1-10 Letter G Words
Risky Map Clicking: Next State Alphabetically
Adjectives in 80s TV Shows
The Seven Year Switch: Catherine
Recently Updated
Leaping Animals
pecheneg
Reality TV Shows (A-Z)
bhenderson79
Rickey Henderson's Hall of Fame Teammates
pecheneg
Champions League XIs: Arsenal
pecheneg
Quick Pick: Celebrities in WWE's Hall of Fame
aduchscher
A-Z Keypad Blitz II
pecheneg
Multiple Oscar Actors
pecheneg
Mystery Phrase Blitz: Oscar 'Best Actors'
pecheneg
F. Scott Fitzgerald Novels
LTH
Pick 3 Villains
ddd62291
Trending Topics
Anime
NBA
Disney
Kpop
Marvel
Crossword
Harry Potter
Country
Soccer
NFL
Song
The Office
Puzzle
Pokémon
WWE
Your Account Isn't Verified!
In order to create a playlist on Sporcle, you need to verify the email address you used during registration. Go to your
Sporcle Settings
to finish the process.
Report this User
Report this user for behavior that violates our
Community Guidelines
.
Details:
Send Report
Go to the Sporcle.com Mobile Site →
Comments